Věda a civilizace /
Gespeichert in:
| 1. Verfasser: | |
|---|---|
| Format: | Buch |
| Sprache: | Tschechisch |
| Veröffentlicht: |
Praha :
Nakladatelství Svoboda,
1968
|
| Ausgabe: | 1. vydanie |
| Schlagworte: | |
| Tags: |
Keine Tags, Fügen Sie das erste Tag hinzu!
|
MARC
| LEADER | 00000nam a22000003a 4500 | ||
|---|---|---|---|
| 001 | 0031541 | ||
| 003 | SK-STU | ||
| 005 | 20190325164955.7 | ||
| 007 | ta | ||
| 008 | 180301s ----xo-----e------000-0-----d | ||
| 040 | |a STU |b slo | ||
| 041 | 0 | |a cze | |
| 044 | |a xr | ||
| 100 | 1 | |a Král, Miloslav | |
| 245 | 1 | 0 | |a Věda a civilizace / |c Miloslav Král |
| 250 | |a 1. vydanie | ||
| 260 | |a Praha : |b Nakladatelství Svoboda, |c 1968 | ||
| 300 | |a 168 s. | ||
| 650 | 0 | 7 | |a teória vedy |
| 650 | 0 | 7 | |a veda a kultúra |
| 650 | 0 | 7 | |a dejiny vedy |
| 996 | |b 284AU07284 |c A* 10533/U |l AAKNST |s P |a 0 |w 0031541_0001 | ||